|
|
|
|
| LEADER |
00000nam a22000007a 4500 |
| 005 |
20210910125844.0 |
| 007 |
cr|||| |||| |
| 008 |
210910s2014 br |||||s|||| 00||0 por d |
| 020 |
|
|
|a 9000000053168
|
| 035 |
|
|
|a 35154
|
| 040 |
|
|
|a vLex
|
| 090 |
|
|
|c 12395
|d 12395
|
| 100 |
1 |
|
|a McNaughton, Charles William
|
| 245 |
1 |
0 |
|a Elisô e norma antielisiva
|h [Recurso electrn̤ico] :
|b Completabilidade e Sistema Tributr̀io /
|c Charles William McNaughton
|
| 256 |
|
|
|a Servicio en ln̕ea
|
| 260 |
|
|
|a San Pablo:
|b Editora Noeses,
|c 2014
|
| 300 |
|
|
|a 1 recurso electrn̤ico
|
| 500 |
|
|
|a A obra define os limites da elisô tributr̀ia e da norma antielisiva no sistema tributr̀io brasileiro. Parte da noȯ̂ de completabilidade no sistema tributr̀io e do princp̕io da estrita legalidade, para concluir que a elisô tributr̀ia pode ser restringida de maneira preventiva, desde que respeitado o ḿbito de competn̊cia do ente tributante que institui a exaȯ̂, porm̌, nô pode ser coibida mediante norma antielisiva repressiva.
|
| 506 |
1 |
|
|a Disponible solo en los productos indicados
|d vLex Global
|d vLex Global (Academic Edition, excluding Law Schools)
|d vLex Global (U.S. Academic Edition, Law Schools)
|d vLex Global (U.S. Academic Edition, excluding Law Schools)
|d vLex Global (Academic Edition, Law Schools)
|
| 650 |
0 |
4 |
|a Derecho Tributario
|z Brasil
|
| 740 |
0 |
|
|a vLex Libros (Servicio en ln̕ea)
|
| 856 |
4 |
0 |
|u https://app.vlex.com/#/sources/35154
|z Acceso restringido
|
| 942 |
|
|
|c BOOK
|
| 999 |
0 |
|
|a Tax Law
|